000 00985nam a2200301Ia 4500
003 OSt
005 20221006160411.0
006 a|||||r|||| 00| 0
007 ta
008 221006b |||||||| |||| 00| 0 eng d
020 _a9780415600446
_c9516.00
024 _a45,138
037 _bGift, Japan Foundation
_cTextual
040 _aEASL
_cEASL
_beng
041 _2eng
_aeng
082 _aW.42.P1, Q1
100 _aHook Glenn D. Ed.
_9322276
245 0 _aDecoding boundaries in contemporary Japan
_b The Koizumi administration and beyond
260 _aLondon
_bRoutledge
_c2011
300 _a286p.
_ccm.
490 _v JEL
_aSheffield centre for Japanese studies / Routledge series
650 _a Japan - Economic policy
_9577765
650 _a JEL
650 _a Koizumi Junichiro
_9673295
650 _aJapan - Politics and government
_9648506
942 _hW.42.P1, Q1
_cTEXL
_2CC
999 _c1113230
_d1113230